000 01421cam a22003011i 4500
003 SA-RiAUC
005 20260104135521.0
008 251230s2005 su f f00000 ara c
020 _a9960880893
040 _aSA-JeALM
_bara
_cSA-RiAUC
_erda
050 4 _b.T43 2005
082 0 4 _a412
_qSA-RiAUC
090 _a412
_bث ن ي
100 1 _aالثنيان، محمد بن عبد الرحمن
_eمؤلف.
245 1 0 _aأسماء الأوعية الجلدية من خلال معجم لسان العرب لابن منظور :
_bدراسة دلالية تأصيلية /
_cمحمد عبد الرحمن الثنيان.
264 1 _aالرياض :
_bدارة الملك عبد العزيز،
_c[2005]
300 _a205 صفحة ؛
_c20 سم.
336 _aنص
_btxt
_2rdacontent
_3كتاب
337 _aبدون وسيط
_bn
_2rdamedia
490 1 _aإصدارات دارة الملك عبد العزيز.
_aكتاب الدارة ؛
_v8
650 7 _aاللغة العربية
_vمعاجم
_2aucsh
650 7 _aاللغة العربية
_xتعبيرات اصطلاحية
_2aucsh
650 7 _aاللغة العربية
_xاشتقاق
_2aucsh
700 1 2 _iترتيب لـ :
_aابن منظور، محمد بن مكرم بن علي،
_d630-711 هجري.
_tلسان العرب.
830 0 _aإصدارات الدارة.
_pكتاب الدارة
_v8
942 _2ddc
_cBOOK
_n0
949 _aSA-JeALM
_d251230
_uosman123
_n1
999 _c13887
_d13887